Coat of Arms - South America - Statistics

General Stats
  • This quiz has been taken 177 times
  • The average score is 11 of 12
Answer Stats
Picture Answer % Correct
Argentina
100%
Brazil
99%
Paraguay
98%
Peru
98%
Chile
95%
Colombia
95%
Ecuador
95%
Uruguay
95%
Venezuela
95%
Bolivia
93%
Suriname
88%
Guyana
86%
No matching quizzes found
Score Distribution
Percent of People with Each Score
Percentile by Number Answered
Your Score History
You have not taken this quiz